|
|
|
|
| LEADER |
00864pam a22002298a 4500 |
| 001 |
00038084 |
| 005 |
20171026081025.0 |
| 008 |
170515s1992 ||||||Viesd |
| 041 |
0 |
# |
|a Vie
|
| 082 |
1 |
4 |
|a 372.21
|b B103T
|
| 100 |
1 |
# |
|a Nguyễn, Ánh Tuyết
|
| 245 |
1 |
0 |
|a Bài tập thực hành tâm lí học và giáo dục học
|b Tài liệu tham khảo cho giáo viên các trường sp mầm non
|c Nguyễn Ánh Tuyết (chủ biên)
|
| 260 |
# |
# |
|a Hà Nội
|b Giáo dục
|c 1992
|
| 300 |
# |
# |
|a 106tr.
|
| 653 |
# |
# |
|a Giáo dục học
|
| 653 |
# |
# |
|a Tâm lí học
|
| 653 |
# |
# |
|a Tâm lí
|
| 852 |
# |
# |
|b Kho mượn
|j KM.0022249
|
| 852 |
# |
# |
|j KD.0021171
|j KM.0022249
|
| 852 |
# |
# |
|b Kho đọc
|j KD.1001165, KD.0021171
|
| 910 |
|
|
|d 15/05/2017
|
| 980 |
# |
# |
|a Trung tâm Học liệu Lê Vũ Hùng, Trường Đại học Đồng Tháp
|